Welcome to WEB OPAC of MRSPTU Central Library

Power system operation and control (Record no. 6276)

MARC details
000 -LEADER
fixed length control field 00415nam a2200169Ia 4500
008 - FIXED-LENGTH DATA ELEMENTS--GENERAL INFORMATION
fixed length control field 230711s9999||||xx |||||||||||||| ||und||
020 ## - INTERNATIONAL STANDARD BOOK NUMBER
International Standard Book Number 978-81-317-5591-4
041 ## - LANGUAGE CODE
Language code of text/sound track or separate title ENG
082 ## - DEWEY DECIMAL CLASSIFICATION NUMBER
Classification number 621.317
Item number RA-P
100 ## - MAIN ENTRY--PERSONAL NAME
Personal name Ramana, N. V
245 #0 - TITLE STATEMENT
Title Power system operation and control
250 ## - EDITION STATEMENT
Edition statement 1st Ed.
260 ## - PUBLICATION, DISTRIBUTION, ETC.
Date of publication, distribution, etc. 2012
Place of publication, distribution, etc. New Delhi
Name of publisher, distributor, etc. Pearson
300 ## - PHYSICAL DESCRIPTION
Extent 156p.
650 ## - SUBJECT ADDED ENTRY--TOPICAL TERM
Topical term or geographic name entry element Electrical Engineering
942 ## - ADDED ENTRY ELEMENTS (KOHA)
Koha item type Book
Holdings
Withdrawn status Lost status Damaged status Not for loan Collection Home library Current library Date acquired Cost, normal purchase price Inventory number Total checkouts Full call number Barcode Date last seen Price effective from Koha item type
          MRSPTU Central Library MRSPTU Central Library   479.00 KBD/2016-2017/961242808   621.317 RA-P 35565 08/17/2023 08/17/2023 Book
          MRSPTU Central Library MRSPTU Central Library   479.00 KBD/2016-2017/961242808   621.317 RA-P 35566 08/17/2023 08/17/2023 Book
          MRSPTU Central Library MRSPTU Central Library   479.00 KBD/2016-2017/961242808   621.317 RA-P 35567 08/17/2023 08/17/2023 Book
          MRSPTU Central Library MRSPTU Central Library   479.00 KBD/2016-2017/961242808   621.317 RA-P 35568 08/17/2023 08/17/2023 Book
          MRSPTU Central Library MRSPTU Central Library   479.00 KBD/2016-2017/961242808   621.317 RA-P 35569 08/17/2023 08/17/2023 Book
          MRSPTU Central Library MRSPTU Central Library   479.00 KBD/2016-2017/961242808   621.317 RA-P 35570 08/17/2023 08/17/2023 Book
          MRSPTU Central Library MRSPTU Central Library   479.00 KBD/2016-2017/961242808   621.317 RA-P 35571 08/17/2023 08/17/2023 Book
          MRSPTU Central Library MRSPTU Central Library   479.00 KBD/2016-2017/961242808   621.317 RA-P 35572 08/17/2023 08/17/2023 Book
          MRSPTU Central Library MRSPTU Central Library   479.00 KBD/2016-2017/961242808   621.317 RA-P 35573 08/17/2023 08/17/2023 Book
          MRSPTU Central Library MRSPTU Central Library   479.00 KBD/2016-2017/961242808   621.317 RA-P 35574 08/17/2023 08/17/2023 Book

Website Designed and Developed by MRSPTU Central Library Team

E-mail Id: librarian@mrsptu.ac.in